Perintah-perintah am [bab "A"-bab "G"] : Peraturan-peraturan lembaga tatatertib perkhidmatan awam ; Arahan perbendaharaan ; Panduan pengurusan pejabat ; Panduan perbendaharaan tatacara pengurusan stor ; Tatacara pengurusan aset alih kerajaan ; Akta acara kewangan ; Surat pekeliling : (semua pindaan hingga Ogos, 2012) (Record no. 184)
[ view plain ]
| 000 -LEADER | |
|---|---|
| fixed length control field | nam a22 a 4500 |
| 003 - CONTROL NUMBER IDENTIFIER | |
| control field | AKMAL |
| 005 - DATE AND TIME OF LATEST TRANSACTION | |
| control field | 20170425105156.0 |
| 008 - FIXED-LENGTH DATA ELEMENTS--GENERAL INFORMATION | |
| fixed length control field | 170425s2012 my | e l 000 0 may d |
| 020 ## - INTERNATIONAL STANDARD BOOK NUMBER | |
| International Standard Book Number | 9789677014102 (2012) : |
| Terms of availability | RM45.00 |
| 040 ## - CATALOGING SOURCE | |
| Original cataloging agency | AKMAL |
| 082 04 - DEWEY DECIMAL CLASSIFICATION NUMBER | |
| Classification number | 354.595001 MAL |
| Edition number | 22 |
| 090 00 - LOCALLY ASSIGNED LC-TYPE CALL NUMBER (OCLC); LOCAL CALL NUMBER (RLIN) | |
| Classification number (OCLC) (R) ; Classification number, CALL (RLIN) (NR) | 354.595001 |
| Local cutter number (OCLC) ; Book number/undivided call number, CALL (RLIN) | MAL |
| 110 1# - MAIN ENTRY--CORPORATE NAME | |
| Corporate name or jurisdiction name as entry element | Malaysia |
| 9 (RLIN) | 400 |
| 245 10 - TITLE STATEMENT | |
| Title | Perintah-perintah am [bab "A"-bab "G"] : Peraturan-peraturan lembaga tatatertib perkhidmatan awam ; Arahan perbendaharaan ; Panduan pengurusan pejabat ; Panduan perbendaharaan tatacara pengurusan stor ; Tatacara pengurusan aset alih kerajaan ; Akta acara kewangan ; Surat pekeliling : (semua pindaan hingga Ogos, 2012) |
| Statement of responsibility, etc. | disusun semula oleh Penasihat Undang-undang MDC |
| Remainder of title | : buku panduan untuk peperiksaan am kerajaan / |
| 250 ## - EDITION STATEMENT | |
| Edition statement | Ed. 2012 |
| 260 ## - PUBLICATION, DISTRIBUTION, ETC. | |
| Place of publication, distribution, etc. | Kuala Lumpur : |
| Name of publisher, distributor, etc. | MDC Publishers, |
| Date of publication, distribution, etc. | 2012 |
| 300 ## - PHYSICAL DESCRIPTION | |
| Extent | 855ms. ; |
| Dimensions | 30cm. |
| 500 ## - GENERAL NOTE | |
| General note | Cetakan ketigapuluh dua 2012 |
| 650 10 - SUBJECT ADDED ENTRY--TOPICAL TERM | |
| Topical term or geographic name entry element | Civil service |
| Geographic subdivision | Malaysia |
| 9 (RLIN) | 420 |
| 650 20 - SUBJECT ADDED ENTRY--TOPICAL TERM | |
| Topical term or geographic name entry element | Administrative agencies |
| Geographic subdivision | Malaysia |
| General subdivision | Rules and practice |
| 9 (RLIN) | 424 |
| 650 20 - SUBJECT ADDED ENTRY--TOPICAL TERM | |
| Topical term or geographic name entry element | Administrative procedure |
| Geographic subdivision | Malaysia |
| 9 (RLIN) | 425 |
| 651 #0 - SUBJECT ADDED ENTRY--GEOGRAPHIC NAME | |
| Geographic name | Malaysia |
| General subdivision | Officials and employees |
| 9 (RLIN) | 426 |
| 710 2# - ADDED ENTRY--CORPORATE NAME | |
| Corporate name or jurisdiction name as entry element | Penasihat Undang-Undang MDC |
| 9 (RLIN) | 405 |
| 942 ## - ADDED ENTRY ELEMENTS (KOHA) | |
| Source of classification or shelving scheme | |
| Koha item type | Book |
| 950 ## - LOCAL HOLDINGS (RLIN) | |
| Permanent shelving location, LOC (RLIN) | AKMAL |
| Withdrawn status | Lost status | Source of classification or shelving scheme | Damaged status | Not for loan | Collection code | Home library | Current library | Shelving location | Date acquired | Inventory number | Total Checkouts | Full call number | Barcode | Date last seen | Price effective from | Koha item type |
|---|---|---|---|---|---|---|---|---|---|---|---|---|---|---|---|---|
| NON-FICTION | AKMAL Melaka | AKMAL Melaka | PINJAMAN | 25.04.2017 | 306065 | 354.595001 MAL | 201700398 | 25.04.2017 | 25.04.2017 | Book | ||||||
| NON-FICTION | AKMAL Melaka | AKMAL Melaka | PINJAMAN | 25.04.2017 | 306066 | 354.595001 MAL | 201700389 | 25.04.2017 | 25.04.2017 | Book | ||||||
| NON-FICTION | AKMAL Melaka | AKMAL Melaka | PINJAMAN | 25.04.2017 | 306067 | 354.595001 MAL | 201700390 | 25.04.2017 | 25.04.2017 | Book | ||||||
| NON-FICTION | AKMAL Melaka | AKMAL Melaka | PINJAMAN | 25.04.2017 | 306068 | 354.595001 MAL | 201700391 | 25.04.2017 | 25.04.2017 | Book | ||||||
| NON-FICTION | AKMAL Melaka | AKMAL Melaka | PINJAMAN | 25.04.2017 | 306069 | 354.595001 MAL | 201700392 | 25.04.2017 | 25.04.2017 | Book | ||||||
| NON-FICTION | AKMAL Melaka | AKMAL Melaka | PINJAMAN | 25.04.2017 | 306070 | 354.595001 MAL | 201700393 | 25.04.2017 | 25.04.2017 | Book | ||||||
| NON-FICTION | AKMAL Melaka | AKMAL Melaka | PINJAMAN | 25.04.2017 | 306071 | 354.595001 MAL | 201700394 | 25.04.2017 | 25.04.2017 | Book | ||||||
| NON-FICTION | AKMAL Melaka | AKMAL Melaka | PINJAMAN | 25.04.2017 | 306072 | 354.595001 MAL | 201700395 | 25.04.2017 | 25.04.2017 | Book | ||||||
| NON-FICTION | AKMAL Melaka | AKMAL Melaka | PINJAMAN | 25.04.2017 | 306073 | 354.595001 MAL | 201700396 | 25.04.2017 | 25.04.2017 | Book | ||||||
| NON-FICTION | AKMAL Melaka | AKMAL Melaka | PINJAMAN | 25.04.2017 | 354.595001 MAL | 201700397 | 25.04.2017 | 25.04.2017 | Book |
